| 000 | 01411cam a2200373 i 4500 | ||
|---|---|---|---|
| 999 |
_c200448790 _d67002 |
||
| 001 | 200448790 | ||
| 003 | TR-AnTOB | ||
| 005 | 20230609112605.0 | ||
| 007 | ta | ||
| 008 | 050323s2004 tu 000 0 tur d | ||
| 035 | _a(TR-AnTOB)200448790 | ||
| 040 |
_aB9K _beng _erda _cB9K _dTR-AnTOB |
||
| 041 | 0 | _atur | |
| 050 |
_aHF1558.2 _b.R87 2004 |
||
| 090 |
_aHF1558.2 _b.R87 2004 |
||
| 245 | 0 | 0 |
_aRusya federasyonu yerinde pazar araştırması / _chazırlayanlar Gül̈sevin Onur, Cengiz Karabayır, Banu Bektaş. |
| 264 | 1 |
_a[Ankara] : _bT.C. Başbakanlık Dış Ticaret Müsteşarlığı, _c2004. |
|
| 300 |
_aviii, 237 pages : _btables ; _c27 cm |
||
| 336 |
_atext _btxt _2rdacontent |
||
| 337 |
_aunmediated _bn _2rdamedia |
||
| 338 |
_avolume _bnc _2rdacarrier |
||
| 500 | _aCover title :Türkiye hedef pazar araştırması. | ||
| 650 | 7 |
_aPazarlama araştırması _zRusya (Federasyon) _2etuturkob _9136966 |
|
| 651 | 7 |
_aRusya (Federasyon) _xEkonomi politikası _2etuturkob _941480 |
|
| 651 | 7 |
_aRusya (Federasyon) _xTicaret politikası _2etuturkob _9136969 |
|
| 700 | 1 |
_aOnur, Gülsevin _eeditor _9130484 |
|
| 700 | 1 |
_aKarabayır, Cengiz _eeditor _9133841 |
|
| 700 | 1 |
_aBektaş, Banu _eeditor _9136968 |
|
| 710 | 2 |
_aİhracatı Geliştirme Etüd Merkezi (Türkiye) _933777 |
|
| 740 | 0 | _aTürkiye hedef pazar araştırması. | |
| 942 |
_2lcc _cBK |
||